| 000 | 00587cab a2200217 4500 | ||
|---|---|---|---|
| 001 | X780 | ||
| 008 | 090401t1993 xxu||||| |||| 00| 0 eng d | ||
| 035 | _a(Sirsi) u67430 | ||
| 041 | _aeng | ||
| 245 | _aProgress made on mutual recognition | ||
| 260 | _c1993 | ||
| 350 | _a0 | ||
| 490 |
_aCSM (Chartered Surveyor Monthly) _v2(9) June 1993, 2(1) |
||
| 650 | _aABOUT RICS-RICS MEMBERS | ||
| 650 | _aEUROPE | ||
| 650 | _aMUTUAL RECOGNITION | ||
| 690 | _aEUROPE-SINGLE MARKET | ||
| 690 | _aMANAGEMENT-BUSINESS MANAGEMENT-PROFESSIONAL PRACTICE | ||
| 942 | _n0 | ||
| 948 | _c04/03/1997 | ||
| 999 |
_c42195 _d42195 |
||